Japanese Cities with Trams - Statistics

General Stats
  • This quiz has been taken 293 times
    231 since last reset
  • The average score is 12 of 18
Answer Stats
Region City % Correct
Kanto Tokyo
96%
Kansai Osaka
92%
Hokkaido Sapporo
91%
Chugoku Hiroshima
90%
Kansai Kyoto
84%
Kyushu Nagasaki
81%
Kyushu Kagoshima
71%
Kyushu Kumamoto
68%
Hokkaido Hakodate
67%
Chugoku Okayama
65%
Shikoku Kochi
59%
Shikoku Matsuyama
58%
Kyushu Kitakyushu
56%
Hokuriku Toyama
52%
Kansai Fukui
42%
Chubu Toyohashi
31%
Kanto Kamakura
30%
Hokuriku Takaoka
28%
No matching quizzes found
Score Distribution
Percent of People with Each Score
Percentile by Number Answered
Your Score History
You have not taken this quiz since the last reset